000 00637nam a2200205 4500
001 000019275
005 20200929165953.0
008 100531s1989 cu 000 0 spa d
040 _aDO-SdBNP
_bspa
_cBNPHU
082 _aCu861.44
_bL864c
100 1 _aLópez del Almo
_d1937-
_941466
245 1 0 _aCamino del viento /
_cRolando López del Amo.
260 _aCaracas :
_bUnión de es.
300 _a101 p. ;
_c19 cm.
490 1 _aContemporáneos
500 _aIncluye datos biográficos de la autora en la contracoportada.
650 4 _aPoesía cubana
_95226
650 4 _aLiteratura cubana
_91483
830 0 _aContemporáneos ;
_96941
999 _c18793
_d18793